| 000 -УДИРДЛАГА |
| Удирдлага |
02494 a2200553 4500 |
| 003 - ХЯНАЛТЫН ТОО ТОДОРХОЙЛОГЧ |
| Код |
MN-UlNUM |
| 005 - БИЧИЛТ ХИЙСЭН ОГНОО |
| Тухайн бичилтийг бичсэн засварласан сүүлийн огноо |
20260107201045.0 |
| 008 - ЕРӨНХИЙ МЭДЭЭЛЭЛ |
| Ерөнхий мэдээлэл |
110605s2008 maua b 001 0 eng |
| 020 ## - ISBN |
| ISBN |
9780073526744 |
| -- |
0073526746 |
| 040 ## - БИЧЛЭГ ҮҮСГЭГЧ БАЙГУУЛЛАГА |
| Бичлэг үүсгэгч номын сангийн код |
МУИС-ийн номын сан |
| 084 ## - ББК АНГИЛАЛ |
| ББК ангилал |
65.052.21 |
| Зохиогчийн гурван тэмдэгт |
A 22 |
| Нэмэлт тусгалт |
Сурах бичиг |
| Мэдлэгийн ялгаа |
65 - Эдийн засаг |
| 245 10 - ҮНДСЭН ГАРЧИГ |
| Номын нэр |
Advanced financial accounting |
| Оролцогчдын тухай мэдээ |
Richard E. Baker ... [et al.] |
| 250 ## - ДАХИН ХЭВЛЭЛТ |
| Дахин гаралтын дугаар |
7th ed. |
| 260 ## - ГАРАЛТЫН МЭДЭЭ |
| Хэвлэгдсэн газар |
Boston, Ma. |
| Хэвлэлийн газар |
McGraw-Hill Irwin |
| Хэвлэгдсэн он |
2008 |
| 300 ## - МАТЕРИАЛЫН ТОДОРХОЙЛОЛТ |
| хуудасны тоо |
xxiv, 1046 p. |
| Бусад тоон мэдээлэл |
ill. |
| Хэмжээ |
29 cm |
| 500 ## - Тайлбар |
| Дансны дугаар |
БС 6084 |
| 505 ## - Агуулгын тэмдэглэгээ |
| Агуулгын тэмдэглэгээ |
This text for the advanced accounting course continues to be the most comprehensive student-friendly text on the market. This new edition of "Advanced Financial Accounting" includes a complete update of material, bringing the text in line with the latest accounting standards. In addition, end-of-chapter exercises, problems and cases have been revised to include more critical-thinking materials. |
| 546 ## - ХЭЛНИЙ ТУХАЙ МЭДЭЭ |
| Хэл |
Англи хэл дээр, |
| 653 ## - Түлхүүр үг |
| Түлхүүр үг |
economics |
| 653 ## - Түлхүүр үг |
| Түлхүүр үг |
accounting |
| 653 ## - Түлхүүр үг |
| Түлхүүр үг |
financial accounting |
| 700 1# - ХАМ ЗОХИОГЧИД |
| Ба бус |
Baker, Richard E. |
| 700 1# - ХАМ ЗОХИОГЧИД |
| Ба бус |
Valdean C. Lembke |
| 700 1# - ХАМ ЗОХИОГЧИД |
| Ба бус |
Thomas E. King |
| 700 1# - ХАМ ЗОХИОГЧИД |
| Ба бус |
Cynthia G. Jeffrey |
| 740 ## - НОМЫН ГАРЧИГ |
| Гарчиг |
Intercorporate Acquisitions and Investments in Other Entities |
| 740 ## - НОМЫН ГАРЧИГ |
| Гарчиг |
Reporting Intercorporate Interests |
| 740 ## - НОМЫН ГАРЧИГ |
| Гарчиг |
The Reporting Entity and Consolidated Financial Statements |
| 740 ## - НОМЫН ГАРЧИГ |
| Гарчиг |
Consolidation of Wholly Owned Subsidiaries |
| 740 ## - НОМЫН ГАРЧИГ |
| Гарчиг |
Consolidation of Less-Than-Wholly-Owen Subsidiaries |
| 740 ## - НОМЫН ГАРЧИГ |
| Гарчиг |
Intercompany Transfers Noncurrent Assets |
| 740 ## - НОМЫН ГАРЧИГ |
| Гарчиг |
Intercompany Inventory Transactions |
| 740 ## - НОМЫН ГАРЧИГ |
| Гарчиг |
Intercompany Indebtedness |
| 740 ## - НОМЫН ГАРЧИГ |
| Гарчиг |
Consolidation Ownership Issues |
| 740 ## - НОМЫН ГАРЧИГ |
| Гарчиг |
Additional Consolidation Reporting Issues |
| 740 ## - НОМЫН ГАРЧИГ |
| Гарчиг |
Multinational Accounting: Foreign Currency Transactions and Financial Instruments |
| 740 ## - НОМЫН ГАРЧИГ |
| Гарчиг |
Multinational Accounting: Translation of Foreign Entity Statements |
| 740 ## - НОМЫН ГАРЧИГ |
| Гарчиг |
Segment and Interim Reporting |
| 740 ## - НОМЫН ГАРЧИГ |
| Гарчиг |
SEC Reporting |
| 740 ## - НОМЫН ГАРЧИГ |
| Гарчиг |
Partnerships: Formation, Operation, and Changes in Membership |
| 740 ## - НОМЫН ГАРЧИГ |
| Гарчиг |
Partnerships: Liquidation |
| 740 ## - НОМЫН ГАРЧИГ |
| Гарчиг |
Governmental Entities: Introduction and General Fund Accounting |
| 740 ## - НОМЫН ГАРЧИГ |
| Гарчиг |
Governmental Entities: Special Funds and Government-wide Financial Statements |
| 740 ## - НОМЫН ГАРЧИГ |
| Гарчиг |
Not-for-Profit Entities |
| 740 ## - НОМЫН ГАРЧИГ |
| Гарчиг |
Corporations in Financial Difficulty |
| 942 ## - ЭЛЕМЕНТИЙН ТӨРӨЛ |
| Зүйлийн төрөл |
Ном |